000
00301nam a22001337a 4500
008
181009b xxu||||| |||| 00| 0 eng d
020
_a
0534122345
041
_a
eng
080
_a
510
100
_a
36
101
_a
MAT
245
_a
A Transition to Advances Mathematics
_c
Smith, D
942
_2
udc
_c
BK
999
_c
49176
_d
49176